|
|
|
|
| LEADER |
01819nam a2200361 a 4500 |
| 001 |
10120 |
| 003 |
BD-DhAAL |
| 005 |
20230427143052.0 |
| 008 |
141209s2000 bg ab b 000 0 eng |
| 010 |
|
|
|a 00403259
|
| 020 |
|
|
|a 984310854X
|
| 040 |
|
|
|a DLC
|c DLC
|d DLC
|d BD-DhAAL
|
| 050 |
0 |
0 |
|a N8193.B3
|b B43 2000
|
| 082 |
0 |
0 |
|a 704.9489495492
|
| 100 |
1 |
|
|a Bhattacharya, G.
|q (Gouriswar)
|9 6766
|
| 245 |
1 |
0 |
|a Essays on Buddhist, Hindu, Jain iconography & epigraphy /
|c by Gouriswar Bhattacharya ; editor, Enamul Haque.
|
| 260 |
|
|
|a Dhaka :
|b The International Centre for Study of Bengal Art,
|c c2000.
|
| 300 |
|
|
|a xii, 654 pages :
|b illustrations, maps ;
|c 28 cm.
|
| 490 |
|
|
|a Studies in Bengal art series ;
|v no. 1
|
| 504 |
|
|
|a Includes bibliographical references.
|
| 541 |
|
|
|a Donated By Akbar Ali Khan
|e 10120, 41138
|
| 650 |
|
0 |
|a Buddhist art and symbolism
|z Bangladesh.
|9 6767
|
| 650 |
|
0 |
|a Hindu art
|z Bangladesh.
|9 6768
|
| 650 |
|
0 |
|a Hindu symbolism.
|9 6769
|
| 650 |
|
0 |
|a Jaina art.
|9 6770
|
| 700 |
1 |
|
|a Haque, Enamul,
|d 1936-
|9 6771
|
| 710 |
2 |
|
|a International Centre for Study of Bengal Art.
|9 6772
|
| 852 |
|
|
|a Ayesha Abed Library
|c Akbar Ali Khan Collection
|
| 942 |
|
|
|2 ddc
|c BK
|
| 999 |
|
|
|c 33284
|d 33284
|
| 952 |
|
|
|0 0
|1 0
|2 ddc
|4 0
|6 704_948949549200000_BHA
|7 0
|9 44447
|a BRACUL
|b BRACUL
|c GEN
|d 2014-12-09
|l 1
|m 4
|o 704.9489495492 BHA
|p 3010010120
|r 2024-05-14
|s 2024-03-31
|t 1
|w 2014-12-09
|y BK
|
| 952 |
|
|
|0 0
|1 0
|2 ddc
|4 0
|6 704_948949549200000_BHA
|7 0
|9 62983
|a BRACUL
|b BRACUL
|c GEN
|d 2018-03-20
|e Complimentary copy from the International Centre for Study of Bengal Art.
|l 0
|o 704.9489495492 BHA
|p 3010032773
|r 2018-03-20
|t 2
|w 2018-03-20
|y BK
|
| 952 |
|
|
|0 0
|1 0
|2 ddc
|4 0
|6 704_948949549200000_BHA
|7 1
|9 73567
|a BRACUL
|b BRACUL
|c AAKC
|d 2023-04-27
|e Donated By Akbar Ali Khan
|g 2000.00
|l 0
|o 704.9489495492 BHA
|p 3010041138
|r 2023-04-27
|t 3
|w 2023-04-27
|y BK
|